• 首页
  • 本馆介绍
  • 公告通知
  • 最新文献
  • 馆藏检索
  • 电子资源
  • 读者导购
  • 参考咨询
  • 我的图书馆
  • 登录
  • 详细信息显示
  • 放入我的书架
  • 预约/预借图书
  • 作者相关作品
  • 分类相关作品
  • 丛书相关作品
  • 出版社相关作品

书目信息

  • 表格格式
  • 工作单格式
  • 卡片格式
题名:
MBA英文案例阅读
    
 
作者: 崔志国 主编 ;吕勋华 编注
分册: 中   市场营销篇·财务管理篇
出版信息: 北京   北京大学出版社  2002
页数: 435页
开本: 20cm
丛书名:
单 册:
中图分类: H319.4:F
科图分类:
主题词: 工商行政管理--案例--世界--英文 , 企业管理--市场营销学--案例--世界--英文 , 企业管理--财务管理--案例--世界--英文 , 英语--研究生--语言读物 , 工商行政管理 , 市场营销学 , 企业管理
电子资源:
ISBN: 7-301-05458-0
000 01293nam0 2200337 450
001 012007813712
005 20070523092854.50
010    @a7-301-05458-0@dCNY21.00
100    @a20070515d2002 km y0chiy0120 ea
101 0  @achi@aeng
102    @aCN@b110000
105    @ay z 000yy
106    @ar
200 1  @aMBA英文案例阅读@AMBA ying wen an li yue du@h中@i市场营销篇·财务管理篇@f崔志国主编@Fcui zhi guo zhu bian@g崔志国,吕勋华编注@Gcui zhi guo,lu xun hua bian zhu
210    @a北京@c北京大学出版社@d2002
215    @a435页@d20cm
300    @a北大未来经理人必读·英语注释读物
330    @a本册精选了市场营销(9篇)以及财务管理(12篇)方面的案例,共计21篇,涉及市场营销战略以及新产品开发,如何借助各种财务手段和工具来认清企业的经营现状,进而改善企业的管理水平。
517 1  @a市场营销篇·财务管理篇@Ashi chang ying xiao pian·cai wu guan li pian
606 0  @a工商行政管理@x案例@y世界@x英文
606 0  @a企业管理@x市场营销学@x案例@y世界@x英文
606 0  @a企业管理@x财务管理@x案例@y世界@x英文
606 0  @a英语@x研究生@j语言读物
606 0  @a工商行政管理
606 0  @a市场营销学
606 0  @a企业管理
690    @aH319.4:F@v4
701  0 @a崔志国@Acui zhi guo@4主编
702  0 @a吕勋华@Alu xun hua@4编注
801  0 @aCN@bRULIN@c20070523
905    @dH319.4:F@e1208@s8
    
    MBA英文案例阅读.中.市场营销篇·财务管理篇/崔志国主编/崔志国,吕勋华编注.-北京:北京大学出版社,2002
    435页;20cm
    北大未来经理人必读·英语注释读物
    
    ISBN 7-301-05458-0:CNY21.00
    本册精选了市场营销(9篇)以及财务管理(12篇)方面的案例,共计21篇,涉及市场营销战略以及新产品开发,如何借助各种财务手段和工具来认清企业的经营现状,进而改善企业的管理水平。
●
相关链接 在E读中查询图书 在五车中查询图书 在当当中查询图书 在豆瓣中查询图书


正题名:MBA英文案例阅读     索取号:H319.4:F/1208         预约/预借

序号 登录号 条形码 馆藏地/架位号 状态 备注
1 0576722   205767222   第二样本阅览室/ [索取号:H319.4:F/1208] 在馆    
2 0576723   205767231   第四借阅区/ [索取号:H319.4:F/1208] 在馆    
3 0576724   205767240   第四借阅区/ [索取号:H319.4:F/1208] 在馆    
4 0576725   205767259   第四借阅区/ [索取号:H319.4:F/1208] 在馆    
5 0576726   205767268   第四借阅区/ [索取号:H319.4:F/1208] 在馆    
6 0576727   205767277   第四借阅区/ [索取号:H319.4:F/1208] 在馆    
7 0576728   205767286   第四借阅区/ [索取号:H319.4:F/1208] 在馆    
8 0576729   205767295   第四借阅区/ [索取号:H319.4:F/1208] 在馆    
唐山师范学院图书馆 欢迎您!
大连网信软件有限公司© 版权所有